<?xml version='1.0' encoding='UTF-8'?>
  <record xmlns="http://www.loc.gov/MARC21/slim">
    <leader>00000cam a2200000 i 4500</leader>
    <controlfield tag="001">ocm05177652</controlfield>
    <controlfield tag="003">OCoLC</controlfield>
    <controlfield tag="005">20240829204622.8</controlfield>
    <controlfield tag="007">ta</controlfield>
    <controlfield tag="008">790717s1888    enkaf         000 0 eng d</controlfield>
    <datafield tag="040" ind1=" " ind2=" ">
      <subfield code="a">IXA</subfield>
      <subfield code="b">eng</subfield>
      <subfield code="c">IXA</subfield>
      <subfield code="d">OCLCG</subfield>
      <subfield code="d">AGL</subfield>
      <subfield code="d">UKMGB</subfield>
      <subfield code="d">OCLCQ</subfield>
      <subfield code="d">OCLCF</subfield>
      <subfield code="d">OCLCQ</subfield>
      <subfield code="d">OCLCO</subfield>
      <subfield code="d">TUFTV</subfield>
      <subfield code="d">OCLCQ</subfield>
      <subfield code="d">U3G</subfield>
      <subfield code="d">UAB</subfield>
      <subfield code="d">OCLCO</subfield>
      <subfield code="d">OCLCQ</subfield>
      <subfield code="d">TFW</subfield>
      <subfield code="d">OCL</subfield>
      <subfield code="d">OCLCQ</subfield>
      <subfield code="d">OCLCO</subfield>
      <subfield code="d">OCLCL</subfield>
      <subfield code="d">OCLCQ</subfield>
    </datafield>
    <datafield tag="016" ind1="7" ind2=" ">
      <subfield code="a">CAT10679300</subfield>
      <subfield code="2">DNAL</subfield>
    </datafield>
    <datafield tag="019" ind1=" " ind2=" ">
      <subfield code="a">19422485</subfield>
      <subfield code="a">48495967</subfield>
      <subfield code="a">71025053</subfield>
      <subfield code="a">1008235276</subfield>
      <subfield code="a">1045521861</subfield>
      <subfield code="a">1087369998</subfield>
      <subfield code="a">1127878921</subfield>
      <subfield code="a">1193990081</subfield>
      <subfield code="a">1199885572</subfield>
    </datafield>
    <datafield tag="029" ind1="1" ind2=" ">
      <subfield code="a">NLGGC</subfield>
      <subfield code="b">059084413</subfield>
    </datafield>
    <datafield tag="035" ind1=" " ind2=" ">
      <subfield code="a">(OCoLC)5177652</subfield>
      <subfield code="z">(OCoLC)19422485</subfield>
      <subfield code="z">(OCoLC)48495967</subfield>
      <subfield code="z">(OCoLC)71025053</subfield>
      <subfield code="z">(OCoLC)1008235276</subfield>
      <subfield code="z">(OCoLC)1045521861</subfield>
      <subfield code="z">(OCoLC)1087369998</subfield>
      <subfield code="z">(OCoLC)1127878921</subfield>
      <subfield code="z">(OCoLC)1193990081</subfield>
      <subfield code="z">(OCoLC)1199885572</subfield>
    </datafield>
    <datafield tag="050" ind1=" " ind2="4">
      <subfield code="a">SF293.S5</subfield>
      <subfield code="b">G543</subfield>
    </datafield>
    <datafield tag="060" ind1=" " ind2="4">
      <subfield code="a">SF 293 S5</subfield>
      <subfield code="b">G543 1888</subfield>
    </datafield>
    <datafield tag="070" ind1="0" ind2=" ">
      <subfield code="a">42</subfield>
      <subfield code="b">G37</subfield>
    </datafield>
    <datafield tag="072" ind1=" " ind2="0">
      <subfield code="a">L100</subfield>
    </datafield>
    <datafield tag="082" ind1="0" ind2="4">
      <subfield code="a">914.24/59</subfield>
      <subfield code="q">OCoLC</subfield>
      <subfield code="2">19/eng/20230216</subfield>
    </datafield>
    <datafield tag="100" ind1="1" ind2=" ">
      <subfield code="a">Gilbey, Walter,</subfield>
      <subfield code="c">Sir,</subfield>
      <subfield code="d">1831-1914.</subfield>
      <subfield code="1">https://id.oclc.org/worldcat/entity/E39PBJxWWPQpRQBbX49KwG67pP</subfield>
    </datafield>
    <datafield tag="245" ind1="1" ind2="4">
      <subfield code="a">The old English war-horse :</subfield>
      <subfield code="b">or the great horse as it appears, at intervals, in contemporary coins and pictures during the centuries of its development into the shire-horse /</subfield>
      <subfield code="c">with notes compiled by Walter Gilbey.</subfield>
    </datafield>
    <datafield tag="260" ind1=" " ind2=" ">
      <subfield code="a">London :</subfield>
      <subfield code="b">Vinton,</subfield>
      <subfield code="c">1888.</subfield>
    </datafield>
    <datafield tag="300" ind1=" " ind2=" ">
      <subfield code="a">23 pages, 15 unnumbered leaves of plates :</subfield>
      <subfield code="b">illustrations ;</subfield>
      <subfield code="c">23 cm</subfield>
    </datafield>
    <datafield tag="336" ind1=" " ind2=" ">
      <subfield code="a">text</subfield>
      <subfield code="b">txt</subfield>
      <subfield code="2">rdacontent</subfield>
    </datafield>
    <datafield tag="337" ind1=" " ind2=" ">
      <subfield code="a">unmediated</subfield>
      <subfield code="b">n</subfield>
      <subfield code="2">rdamedia</subfield>
    </datafield>
    <datafield tag="338" ind1=" " ind2=" ">
      <subfield code="a">volume</subfield>
      <subfield code="b">nc</subfield>
      <subfield code="2">rdacarrier</subfield>
    </datafield>
    <datafield tag="583" ind1="1" ind2=" ">
      <subfield code="a">committed to retain</subfield>
      <subfield code="c">20170930</subfield>
      <subfield code="d">20421231</subfield>
      <subfield code="f">HathiTrust</subfield>
      <subfield code="u">https://www.hathitrust.org/shared_print_program</subfield>
      <subfield code="5">AEU</subfield>
      <subfield code="z">HathiTrust Shared Print commitment 2017</subfield>
    </datafield>
    <datafield tag="650" ind1=" " ind2="0">
      <subfield code="a">Shire horse.</subfield>
    </datafield>
    <datafield tag="650" ind1=" " ind2="0">
      <subfield code="a">War horses.</subfield>
    </datafield>
    <datafield tag="650" ind1=" " ind2="6">
      <subfield code="a">Shire (Race chevaline)</subfield>
    </datafield>
    <datafield tag="650" ind1=" " ind2="6">
      <subfield code="a">Chevaux</subfield>
      <subfield code="x">Utilisation militaire.</subfield>
    </datafield>
    <datafield tag="650" ind1=" " ind2="7">
      <subfield code="a">War horses</subfield>
      <subfield code="2">fast</subfield>
    </datafield>
    <datafield tag="650" ind1=" " ind2="7">
      <subfield code="a">Shire horse</subfield>
      <subfield code="2">fast</subfield>
    </datafield>
    <datafield tag="776" ind1="0" ind2="8">
      <subfield code="i">Online version:</subfield>
      <subfield code="a">Gilbey, Walter, Sir, 1831-1914.</subfield>
      <subfield code="t">Old English war-horse.</subfield>
      <subfield code="d">London : Vinton, 1888</subfield>
      <subfield code="w">(OCoLC)617843437</subfield>
    </datafield>
  </record>